| 000 | 00613nam a2200205Ia 4500 | ||
|---|---|---|---|
| 008 | 191130s2003##################000#0#eng## | ||
| 020 | _a9780393731132 | ||
| 022 | _a2003048726 | ||
| 040 |
_aACL _cACL |
||
| 082 | _a720 TWO | ||
| 245 |
_aLouis Kahn : essential texts _cedited by Robert Twombly |
||
| 260 |
_aNew York _bW. W. Norton & Company _c2003 |
||
| 300 | _a288 p. : ill. ; 21 cm | ||
| 500 | _aIncludes bibliographical references (p. 281-282) and index | ||
| 650 | _aArchitecture | ||
| 700 | _aTwombly, Robert C | ||
| 990 | _a59cc233dac10000c42dcbd5be8fa0281 | ||
| 991 | _a302140 | ||
| 999 |
_c235722 _d235722 |
||